|
|
|
|
| LEADER |
00000nam0a2200000 4500 |
| 001 |
130667 |
| 005 |
20240802125729.0 |
| 035 |
|
|
|a (RuTPU)RU\TPU\book\141522
|
| 090 |
|
|
|a 130667
|
| 100 |
|
|
|a 20080206d1954 m y0rusy50 ca
|
| 101 |
1 |
|
|a rus
|c eng
|
| 102 |
|
|
|a RU
|
| 105 |
|
|
|a a z 000ay
|
| 200 |
1 |
|
|a Комедии
|f Г. Фильдинг
|g пер. с англ. П. В. Мелкова ; авт. предисл. М. П. Алексеев
|
| 210 |
|
|
|a Москва
|c Искусство
|d 1954
|
| 215 |
|
|
|a 347 с.
|
| 606 |
1 |
|
|a Английская литература
|9 52454
|
| 610 |
1 |
|
|a художественная литература
|
| 610 |
1 |
|
|a комедии
|
| 675 |
|
|
|a 82
|v 3
|
| 700 |
|
1 |
|a Фильдинг
|b Г.
|g Генри
|
| 702 |
|
1 |
|a Мелкова
|b П. В.
|4 730
|
| 702 |
|
1 |
|a Алексеев
|b М. П.
|4 080
|
| 801 |
|
1 |
|a RU
|b 63413507
|c 20080206
|g PSBO
|
| 942 |
|
|
|c BK
|